| 000 | 00628cam a2200193 a 4500 | ||
|---|---|---|---|
| 020 | _a0070423334 : | ||
| 040 | _cDLC | ||
| 082 | 0 | 0 | _a503 MCG 1994 A059 Or. |
| 245 | 0 | 0 | _aMcGraw-Hill dictionary of scientific and technical terms / |
| 250 | _a5th ed. | ||
| 260 |
_aNew York : _bMcGraw-Hill, _cc1994. |
||
| 300 |
_axvii, 2194, 48 p. : _bill. ; _c29 cm. + _e1 computer disk (3 1/2 in.) |
||
| 650 | 0 | _aScience | |
| 650 | 0 | _aTechnology | |
| 700 | 1 | _aParker, Sybil P. | |
| 856 | 4 | 2 | _uhttp://www.loc.gov/catdir/description/mh022/93034772.html |
| 856 | 4 | 2 | _uhttp://www.loc.gov/catdir/enhancements/fy0602/93034772-b.html |
| 942 | _cEK | ||
| 999 |
_c14194 _d14194 |
||